Taos adobes : (Record no. 152359)

MARC details
000 -LEADER
fixed length control field 00830nam a2200265 i 4500
001 - CONTROL NUMBER
control field C2-0233421
003 - CONTROL NUMBER IDENTIFIER
control field PPAK
005 - DATE AND TIME OF LATEST TRANSACTION
control field 20180728090601.0
008 - FIXED-LENGTH DATA ELEMENTS--GENERAL INFORMATION
fixed length control field 010515s1964 xxua|||| ||||| | eng d
020 ## - INTERNATIONAL STANDARD BOOK NUMBER
International Standard Book Number 0890130884
040 ## - CATALOGING SOURCE
Original cataloging agency PPAK
Language of cataloging eng
Transcribing agency PPAK
Description conventions rda
082 04 - DEWEY DECIMAL CLASSIFICATION NUMBER
Classification number 728.0978953
Edition number 23
090 00 - LOCALLY ASSIGNED LC-TYPE CALL NUMBER (OCLC); LOCAL CALL NUMBER (RLIN)
Classification number (OCLC) (R) ; Classification number, CALL (RLIN) (NR) 728.0978953
Feature heading BUN
Feature heading KSF
100 1# - MAIN ENTRY--PERSONAL NAME
Personal name Bunting, Bainbridge,
Relator term author
245 10 - TITLE STATEMENT
Title Taos adobes :
Remainder of title Spanish colonial and architecture of the Taos Vally
264 #1 - PRODUCTION, PUBLICATION, DISTRIBUTION, MANUFACTURE, AND COPYRIGHT NOTICE
Place of production, publication, distribution, manufacture New Mexico :
Name of producer, publisher, distributor, manufacturer Museum Of Mexico Press ,
Date of production, publication, distribution, manufacture, or copyright notice 1964
300 ## - PHYSICAL DESCRIPTION
Extent 80 pages :
Other physical details illustrations ;
Dimensions 28 cm
336 ## - CONTENT TYPE
Source rdacontent
Content type term text
337 ## - MEDIA TYPE
Source rdamedia
Media type term unmediated
338 ## - CARRIER TYPE
Source rdacarrier
Carrier type term volume
650 10 - SUBJECT ADDED ENTRY--TOPICAL TERM
Topical term or geographic name entry element Architecture, Spanish colonial - New Mexico - Taos - Region
700 ## - ADDED ENTRY--PERSONAL NAME
Relator term author
Personal name Ferris , Robert G.,
Relator term editor
942 ## - ADDED ENTRY ELEMENTS (KOHA)
-- dc
Koha item type Book
Holdings
Withdrawn Not for loan Current library Shelving location Date acquired Full call number Barcode Date last seen Koha item type
  Not For Loan Perpustakaan Baling Koleksi Syarifah Fatimah 15/05/2001 KSF 728.0978953 BUN A00217071 31/05/2018 Book